[Event "Wch Juvenil 2013 sub-18"]
[Site "Al-Ain UAE"]
[Date "2013.12.23"]
[Round "7.18"]
[White "Ynojosa, Felix Jose"]
[Black "Hernandez Sanchez, Jairo Andre"]
[Result "1/2-1/2"]
[WhiteElo "2448"]
[BlackElo "2298"]
[PlyCount "99"]
[EventDate "2013.12.19"]
[EventType "swiss"]
[EventRounds "11"]
[EventCountry "UAE"]
[Source "lmi"]
[SourceDate "2013.12.19"]

1. c4 g6 2. Nc3 Bg7 3. d4 d6 4. e4 Nf6 5. Nf3 O-O 6. Be2 c5 7. d5 e6 8. O-O Re8
9. Bg5 exd5 10. exd5 Bg4 11. h3 Bxf3 12. Bxf3 h6 13. Bf4 a6 14. Rb1 Bf8 15. a3
Nbd7 16. Qc2 Ne5 17. Be2 Bg7 18. Be3 Kh7 19. Rfc1 b6 20. b4 Nfd7 21. Nd1 f5 22.
f4 Nf7 23. Bf2 Re4 24. g3 Bd4 25. Bf3 Bxf2+ 26. Nxf2 Re3 27. Rb3 Qe7 28. Kg2
Re8 29. Rcb1 Qf6 30. Qd2 Rxb3 31. Rxb3 Qe7 32. Rd3 Qe1 33. Qb2 Re3 34. Rxe3
Qxe3 35. Qe2 Qxe2 36. Bxe2 cxb4 37. axb4 a5 38. Nd3 Kg7 39. Kf3 Nd8 40. Ke3 Nb7
41. Bd1 axb4 42. Nxb4 Nbc5 43. Nc6 Nf6 44. Bc2 h5 45. Nd4 Kf7 46. Ne2 Ke7 47.
Kf3 Kd7 48. Ke3 Ke7 49. Kf3 Kd7 50. Ke3 1/2-1/2

[Event "Wch Juvenil 2013 sub-18"]
[Site "Al-Ain UAE"]
[Date "2013.12.23"]
[Round "7.19"]
[White "Draskovic, Luka"]
[Black "De Filomeno, Simone"]
[Result "1-0"]
[WhiteElo "2282"]
[BlackElo "2431"]
[PlyCount "115"]
[EventDate "2013.12.19"]
[EventType "swiss"]
[EventRounds "11"]
[EventCountry "UAE"]
[Source "lmi"]
[SourceDate "2013.12.19"]

1. e4 c5 2. Nf3 d6 3. d4 cxd4 4. Nxd4 Nf6 5. Nc3 a6 6. Be3 e5 7. Nf3 Be7 8. Bc4
O-O 9. O-O Be6 10. Bb3 Qc7 11. Qe2 Rc8 12. Rfd1 Nbd7 13. Bg5 b5 14. Ne1 Rab8
15. Nd5 Bxd5 16. Bxf6 Nxf6 17. Bxd5 Nxd5 18. Rxd5 Qc4 19. Qxc4 Rxc4 20. f3 g6
21. Kf2 f5 22. b3 Rc6 23. Ke2 Kf7 24. Rad1 Ke6 25. R1d3 Rbc8 26. Kd1 Rf8 27.
Re3 Bg5 28. Re2 fxe4 29. fxe4 Rf1 30. Rd3 Rc7 31. Rf3 Rh1 32. g3 Rd7 33. c3 d5
34. exd5+ Rxd5+ 35. Kc2 Kd6 36. Rf7 e4 37. Rxh7 Bd2 38. Rxd2 Rxe1 39. Rg7 Rxd2+
40. Kxd2 Rh1 41. Rxg6+ Ke5 42. h4 Rh2+ 43. Ke3 Rxa2 44. Rg5+ Kf6 45. Kxe4 Ra3
46. Rc5 Rxb3 47. Rc6+ Kg7 48. Kf5 b4 49. cxb4 Rxg3 50. Rxa6 Kf7 51. Ra7+ Ke8
52. b5 Kd8 53. h5 Rh3 54. Kg6 Rg3+ 55. Kh7 Kc8 56. h6 Kb8 57. Rg7 Rh3 58. Kg6
1-0

[Event "Wch Juvenil 2013 sub-18"]
[Site "Al-Ain UAE"]
[Date "2013.12.23"]
[Round "7.20"]
[White "Kenneskog, Theodor"]
[Black "Goryachkina, Aleksandra"]
[Result "1/2-1/2"]
[WhiteElo "2270"]
[BlackElo "2428"]
[PlyCount "97"]
[EventDate "2013.12.19"]
[EventType "swiss"]
[EventRounds "11"]
[EventCountry "UAE"]
[Source "lmi"]
[SourceDate "2013.12.19"]

1. e4 c5 2. Nc3 Nc6 3. Nge2 Nf6 4. d4 cxd4 5. Nxd4 e5 6. Ndb5 d6 7. Bg5 a6 8.
Na3 b5 9. Bxf6 gxf6 10. Nd5 f5 11. Bd3 Be6 12. O-O Bxd5 13. exd5 Ne7 14. Nxb5
Bg7 15. Nc3 e4 16. Bc4 Qc7 17. Bb3 Bxc3 18. bxc3 Qxc3 19. Qh5 Rg8 20. Rae1 Rg6
21. Re3 Qg7 22. g3 Kf8 23. Kh1 a5 24. a4 Rc8 25. Rfe1 Rc5 26. c4 Rh6 27. Qe2
Ng6 28. f3 Ne5 29. fxe4 fxe4 30. Rxe4 Qxg3 31. Re3 Qf4 32. Re4 Qf3+ 33. Qxf3
Nxf3 34. R1e2 Rg6 35. Re8+ Kg7 36. Rg2 Nd4 37. Ba2 Rc7 38. Rb2 Nf3 39. Rb1 Rb7
40. Rf1 Ne5 41. c5 Rb2 42. cxd6 Rxa2 43. Rxe5 Rxd6 44. Ref5 Rd7 45. R1f4 Rd2
46. d6 R2xd6 47. Rxa5 Rd2 48. Rg5+ Kf8 49. Rg2 1/2-1/2

[Event "Wch Juvenil 2013 sub-18"]
[Site "Al-Ain UAE"]
[Date "2013.12.23"]
[Round "7.21"]
[White "Lokander, Martin"]
[Black "Srbis, Jurica"]
[Result "0-1"]
[WhiteElo "2246"]
[BlackElo "2399"]
[PlyCount "76"]
[EventDate "2013.12.19"]
[EventType "swiss"]
[EventRounds "11"]
[EventCountry "UAE"]
[Source "lmi"]
[SourceDate "2013.12.19"]

1. d4 Nf6 2. Nf3 e6 3. c4 Bb4+ 4. Bd2 a5 5. a3 Bxd2+ 6. Qxd2 b6 7. Nc3 Bb7 8.
g3 O-O 9. Bg2 d6 10. O-O Nbd7 11. Rfe1 Ne4 12. Nxe4 Bxe4 13. Qc3 a4 14. Ne5
dxe5 15. Bxe4 exd4 16. Qxd4 Nc5 17. Qe3 Rb8 18. Qf4 e5 19. Qe3 Qd4 20. Qxd4
exd4 21. Bc2 b5 22. Red1 Rfd8 23. cxb5 Rxb5 24. Rac1 Rd5 25. Rd2 g6 26. Bd1 Ne4
27. Rdc2 c5 28. f3 Nd6 29. Rd2 Ra5 30. e3 d3 31. b3 axb3 32. Bxb3 c4 33. Ba2
Ra4 34. Rc3 Rda5 35. e4 Rxa3 36. Rxa3 Rxa3 37. e5 c3 38. Rxd3 c2 0-1

[Event "Wch Juvenil 2013 sub-18"]
[Site "Al-Ain UAE"]
[Date "2013.12.23"]
[Round "7.22"]
[White "Lugovskoy, Maxim"]
[Black "Klabis, Rokas"]
[Result "1-0"]
[WhiteElo "2392"]
[BlackElo "2239"]
[PlyCount "81"]
[EventDate "2013.12.19"]
[EventType "swiss"]
[EventRounds "11"]
[EventCountry "UAE"]
[Source "lmi"]
[SourceDate "2013.12.19"]

1. e4 c5 2. Nf3 Nc6 3. d4 cxd4 4. Nxd4 Nf6 5. Nc3 g6 6. Be2 Bg7 7. Be3 O-O 8.
Nb3 d6 9. O-O Be6 10. f4 Qc8 11. h3 Rd8 12. Bd3 Bxb3 13. axb3 d5 14. exd5 Nxd5
15. Nxd5 Rxd5 16. Qf3 Rxd3 17. cxd3 Bxb2 18. Ra4 Qd7 19. Rd1 Rd8 20. Kh1 Bf6
21. Qf2 Qd5 22. Qc2 b5 23. Re4 a5 24. Bb6 Rd7 25. Bc5 Kg7 26. d4 Rc7 27. Qd3
Nb4 28. Qf3 Na2 29. Re3 Qxf3 30. Rxf3 Rc6 31. Ra1 Nb4 32. Rxa5 Nc2 33. Rc3 Ne1
34. Rxb5 Re6 35. Kg1 Bh4 36. g3 Bf6 37. Kf1 g5 38. f5 Re4 39. g4 e6 40. fxe6
Rxe6 41. Ra5 1-0

[Event "Wch Juvenil 2013 sub-18"]
[Site "Al-Ain UAE"]
[Date "2013.12.23"]
[Round "7.23"]
[White "Izzat, Kanan"]
[Black "Olund, Joar"]
[Result "1/2-1/2"]
[WhiteElo "2385"]
[BlackElo "2236"]
[PlyCount "68"]
[EventDate "2013.12.19"]
[EventType "swiss"]
[EventRounds "11"]
[EventCountry "UAE"]
[Source "lmi"]
[SourceDate "2013.12.19"]

1. d4 Nf6 2. c4 g6 3. Nc3 Bg7 4. e4 d6 5. Nf3 O-O 6. h3 e5 7. d5 a5 8. Be3 Na6
9. g4 Nc5 10. Nd2 Bd7 11. Be2 a4 12. h4 c6 13. g5 Ne8 14. h5 a3 15. b4 cxd5 16.
Nxd5 Na4 17. Qb3 Nc7 18. Nxc7 Qxc7 19. Rc1 b5 20. h6 Bh8 21. O-O Qb7 22. cxb5
Bxb5 23. Bxb5 Qxb5 24. Nc4 d5 25. exd5 Qxd5 26. Na5 Qd7 27. Qd1 Qe6 28. Nc6 e4
29. Qd5 Qg4+ 30. Kh2 Qh4+ 31. Kg2 Qg4+ 32. Kh2 Qh4+ 33. Kg2 Qg4+ 34. Kh2 Qh4+
1/2-1/2

[Event "Wch Juvenil 2013 sub-18"]
[Site "Al-Ain UAE"]
[Date "2013.12.23"]
[Round "7.24"]
[White "Igonin, Temur"]
[Black "Javanbakht, Nima"]
[Result "1-0"]
[WhiteElo "2109"]
[BlackElo "2374"]
[PlyCount "61"]
[EventDate "2013.12.19"]
[EventType "swiss"]
[EventRounds "11"]
[EventCountry "UAE"]
[Source "lmi"]
[SourceDate "2013.12.19"]

1. e4 c5 2. Nf3 Nc6 3. d4 cxd4 4. Nxd4 e5 5. Nb5 d6 6. N1c3 a6 7. Na3 b5 8. Nd5
Nge7 9. c4 Nd4 10. cxb5 Nxd5 11. exd5 Bd7 12. bxa6 Qa5+ 13. Bd2 Qxd5 14. Be3
Be7 15. Bxd4 exd4 16. Be2 Qxg2 17. Bf3 Qg6 18. Bxa8 d5 19. Bxd5 Bb4+ 20. Kf1
Bh3+ 21. Ke2 O-O 22. Qxd4 Re8+ 23. Kd1 Bg4+ 24. f3 Qxa6 25. Qc4 Qf6 26. fxg4
Rd8 27. Nc2 Qf3+ 28. Kc1 Rxd5 29. Rf1 Bd2+ 30. Kb1 Bg5 31. Ne3 1-0

[Event "Wch Juvenil 2013 sub-18"]
[Site "Al-Ain UAE"]
[Date "2013.12.23"]
[Round "7.25"]
[White "Sanzhaev, Darsen"]
[Black "Megalios, Konstantinos"]
[Result "1/2-1/2"]
[WhiteElo "2366"]
[BlackElo "2106"]
[PlyCount "88"]
[EventDate "2013.12.19"]
[EventType "swiss"]
[EventRounds "11"]
[EventCountry "UAE"]
[Source "lmi"]
[SourceDate "2013.12.19"]

1. d4 Nf6 2. c4 e6 3. Nf3 c5 4. d5 exd5 5. cxd5 d6 6. Nc3 g6 7. Qa4+ Nbd7 8.
Bf4 a6 9. e4 Rb8 10. Qc2 b5 11. Bd3 Nh5 12. Bg5 Qc7 13. O-O Bg7 14. a4 b4 15.
Nb1 b3 16. Qc1 O-O 17. Na3 Re8 18. Nc4 Nb6 19. Nfd2 Bd7 20. Nxb6 Rxb6 21. a5
Rb4 22. Nc4 Bb5 23. f3 Rb8 24. g4 Bd4+ 25. Kh1 Ng7 26. Ra3 Bxc4 27. Bxc4 Bxb2
28. Qxb2 Rxc4 29. Rxb3 Rcb4 30. Rxb4 Rxb4 31. Qa1 Ne8 32. Bd2 Rb5 33. Bc3 Qb7
34. Qe1 Rb3 35. Kg2 Qb5 36. Qd2 Nc7 37. Rf2 Qc4 38. Bf6 Ne8 39. Be7 Rb7 40. Qg5
Qd4 41. Bxd6 f6 42. Qf4 Rb2 43. Rxb2 Qxb2+ 44. Kh3 Qf2 1/2-1/2

[Event "Wch Juvenil 2013 sub-18"]
[Site "Al-Ain UAE"]
[Date "2013.12.23"]
[Round "7.26"]
[White "Rindlisbacher, Lars"]
[Black "Mejak, Severin"]
[Result "0-1"]
[WhiteElo "2345"]
[BlackElo "2104"]
[PlyCount "82"]
[EventDate "2013.12.19"]
[EventType "swiss"]
[EventRounds "11"]
[EventCountry "UAE"]
[Source "lmi"]
[SourceDate "2013.12.19"]

1. d4 d5 2. c4 e6 3. Nc3 Be7 4. cxd5 exd5 5. Bf4 c6 6. Qc2 Bd6 7. Bxd6 Qxd6 8.
e3 Qg6 9. Qxg6 hxg6 10. b4 Ne7 11. f3 Nf5 12. Kf2 O-O 13. h4 Re8 14. g4 Nd6 15.
Bd3 Nd7 16. h5 gxh5 17. Rxh5 g6 18. Rh3 Nf6 19. Nge2 Bxg4 20. fxg4 Nxg4+ 21.
Kf3 Nxe3 22. Rah1 Nef5 23. Kf4 Kg7 24. Kg5 f6+ 25. Kg4 Rh8 26. Nf4 Rxh3 27.
Rxh3 Re8 28. Nce2 Ne4 29. Bxe4 Rxe4 30. Rd3 Nd6 31. Kf3 g5 32. Nh5+ Kg6 33.
Nhg3 Re8 34. Rd1 f5 35. Rg1 Rh8 36. Nf4+ Kf7 37. Nd3 Kf6 38. Rh1 Rxh1 39. Nxh1
Nb5 40. Ng3 Nxd4+ 41. Ke3 Ne6 0-1

[Event "Wch Juvenil 2013 sub-18"]
[Site "Al-Ain UAE"]
[Date "2013.12.23"]
[Round "7.27"]
[White "Badalyan, Shavarsh"]
[Black "Ladva, Ottomar"]
[Result "1/2-1/2"]
[WhiteElo "2077"]
[BlackElo "2337"]
[PlyCount "55"]
[EventDate "2013.12.19"]
[EventType "swiss"]
[EventRounds "11"]
[EventCountry "UAE"]
[Source "lmi"]
[SourceDate "2013.12.19"]

1. d4 d5 2. c4 e6 3. Nf3 Nf6 4. g3 Bb4+ 5. Bd2 Be7 6. Bg2 O-O 7. O-O c6 8. Qc2
b6 9. Rd1 Ba6 10. b3 Nbd7 11. a4 Rc8 12. Na3 Bxa3 13. Rxa3 Qe7 14. Raa1 c5 15.
e3 dxc4 16. bxc4 cxd4 17. Nxd4 Ne5 18. Qb1 Nfd7 19. f4 Nxc4 20. Nc6 Qf6 21.
Nxa7 Rc7 22. Nb5 Bxb5 23. axb5 Nc5 24. Ra2 Rd7 25. Rc2 Nxd2 26. Rcxd2 Rxd2 27.
Rxd2 Rd8 28. Qe1 1/2-1/2

[Event "Wch Juvenil 2013 sub-18"]
[Site "Al-Ain UAE"]
[Date "2013.12.23"]
[Round "7.28"]
[White "Alarcon Careaga, Gustavo"]
[Black "Studer, Noel"]
[Result "0-1"]
[WhiteElo "2133"]
[BlackElo "2385"]
[PlyCount "47"]
[EventDate "2013.12.19"]
[EventType "swiss"]
[EventRounds "11"]
[EventCountry "UAE"]
[Source "lmi"]
[SourceDate "2013.12.19"]

1. e4 a6 2. d4 e6 3. Bd3 d5 4. exd5 exd5 5. Nf3 Bd6 6. O-O Ne7 7. c4 dxc4 8.
Bxc4 O-O 9. Nc3 Bg4 10. Ne4 Nbc6 11. Bg5 Qd7 12. d5 Ne5 13. Nxe5 Bxe5 14. Nc5
Qf5 15. Qd2 Ng6 16. f3 h6 17. Be3 Qh5 18. f4 b5 19. fxe5 bxc4 20. e6 fxe6 21.
Nxe6 Bxe6 22. dxe6 Qe5 23. Rfe1 Rfd8 24. Qc2 0-1

[Event "Wch Juvenil 2013 sub-18"]
[Site "Al-Ain UAE"]
[Date "2013.12.23"]
[Round "7.29"]
[White "Licznerski, Lukasz"]
[Black "El Jawich, Amro"]
[Result "1-0"]
[WhiteElo "2354"]
[BlackElo "2156"]
[PlyCount "69"]
[EventDate "2013.12.19"]
[EventType "swiss"]
[EventRounds "11"]
[EventCountry "UAE"]
[Source "lmi"]
[SourceDate "2013.12.19"]

1. c4 g6 2. g3 Bg7 3. d4 d6 4. Nf3 Nf6 5. Bg2 O-O 6. O-O Nbd7 7. Nc3 e5 8. Qc2
c6 9. e4 exd4 10. Nxd4 Re8 11. h3 Nc5 12. Be3 a5 13. b3 Qe7 14. Rfe1 Nfxe4 15.
Nxe4 Nxe4 16. Bxe4 Qxe4 17. Bd2 Qxe1+ 18. Rxe1 Rxe1+ 19. Bxe1 Bxd4 20. Qe4 Be5
21. f4 Bf5 22. Qe3 Bf6 23. g4 Be6 24. Qb6 d5 25. Qxb7 Re8 26. Qxc6 Rc8 27. Qa6
dxc4 28. bxc4 Rxc4 29. f5 Bd4+ 30. Kf1 Bd5 31. Qxa5 Rc5 32. Qb4 Bc4+ 33. Kg2
Bd5+ 34. Kg3 Be5+ 35. Kf2 1-0

[Event "Wch Juvenil 2013 sub-18"]
[Site "Al-Ain UAE"]
[Date "2013.12.23"]
[Round "7.30"]
[White "Soysal, Serkan"]
[Black "Horvath, David"]
[Result "1-0"]
[WhiteElo "2114"]
[BlackElo "2351"]
[PlyCount "47"]
[EventDate "2013.12.19"]
[EventType "swiss"]
[EventRounds "11"]
[EventCountry "UAE"]
[Source "lmi"]
[SourceDate "2013.12.19"]

1. d4 Nf6 2. Nf3 e6 3. Bf4 c5 4. e3 cxd4 5. exd4 b6 6. c3 Be7 7. Qa4 Bb7 8.
Nbd2 O-O 9. h3 d6 10. Be2 a6 11. O-O Nbd7 12. Bh2 Qc7 13. Qb3 Bc6 14. Rfe1 Rfe8
15. Bf1 h6 16. Rac1 Qb7 17. Qa3 e5 18. Qb3 Ne4 19. Nxe4 Bxe4 20. Bc4 d5 21.
Rxe4 dxc4 22. Qc2 exd4 23. Rxd4 b5 24. Qf5 1-0

[Event "Wch Juvenil 2013 sub-18"]
[Site "Al-Ain UAE"]
[Date "2013.12.23"]
[Round "7.31"]
[White "Aleman Hernandez, Andres"]
[Black "Shetty, Atulya"]
[Result "0-1"]
[WhiteElo "2110"]
[BlackElo "2350"]
[PlyCount "98"]
[EventDate "2013.12.19"]
[EventType "swiss"]
[EventRounds "11"]
[EventCountry "UAE"]
[Source "lmi"]
[SourceDate "2013.12.19"]

1. g3 d5 2. Bg2 Nf6 3. Nf3 c5 4. O-O Nc6 5. d4 e6 6. c3 Bd6 7. Bg5 h6 8. Bxf6
Qxf6 9. e3 O-O 10. Nbd2 cxd4 11. Nxd4 Rd8 12. Re1 e5 13. Nxc6 bxc6 14. Qa4 Bf8
15. b4 Be6 16. Nb3 h5 17. Rac1 Rac8 18. Na5 c5 19. b5 a6 20. b6 Bd7 21. Qb3 c4
22. Qb2 Rc5 23. Nb7 Rb5 24. Qd2 Rb8 25. Bxd5 Qxb6 26. Bxf7+ Kxf7 27. Qxd7+ Kg8
28. a4 Rxb7 29. Qf5 Rb2 30. Qxe5 Rf7 31. Rf1 Qf6 32. Qxh5 Rxf2 33. Qxf7+ Qxf7
34. Rxf2 Qe8 35. Rf3 Qxa4 36. Rb1 Bc5 37. g4 Qc2 38. Rb8+ Kh7 39. g5 Qd1+ 40.
Kf2 Qd2+ 41. Kf1 Qxh2 42. Rc8 Bxe3 43. Rxc4 Bxg5 44. Rg4 Bf6 45. Rgg3 Qc2 46.
Rf2 Qd1+ 47. Kg2 Bh4 48. Rh3 Qg4+ 49. Kh2 Qxh3+ 0-1

[Event "Wch Juvenil 2013 sub-18"]
[Site "Al-Ain UAE"]
[Date "2013.12.23"]
[Round "7.32"]
[White "Drnovsek, Gal"]
[Black "Savitski, Andrei"]
[Result "1/2-1/2"]
[WhiteElo "2232"]
[BlackElo "2150"]
[PlyCount "82"]
[EventDate "2013.12.19"]
[EventType "swiss"]
[EventRounds "11"]
[EventCountry "UAE"]
[Source "lmi"]
[SourceDate "2013.12.19"]

1. d4 d5 2. c4 c6 3. Nf3 Nf6 4. e3 g6 5. Be2 Bg7 6. O-O O-O 7. b3 Bg4 8. Bb2 e6
9. Nbd2 Nbd7 10. h3 Bxf3 11. Nxf3 Re8 12. Qc2 Rc8 13. Rac1 Ne4 14. Bd3 Nd6 15.
Qb1 e5 16. dxe5 Nxe5 17. Nxe5 Bxe5 18. cxd5 cxd5 19. Rxc8 Qxc8 20. Bxe5 Rxe5
21. Qb2 Qe6 22. Qd4 a6 23. Rc1 Qe7 24. Rc5 Qe6 25. Rc7 h5 26. Qh4 Kg7 27. Qd4
Kh7 28. a4 Kg8 29. Qh4 Kg7 30. Qf4 Kg8 31. Qd4 Kg7 32. Qb6 Kg8 33. Rc2 Kg7 34.
Rc1 Kh7 35. Bxa6 bxa6 36. Rc6 Rg5 37. Qd8 Nb7 38. Qc7 Qf5 39. f4 Rg3 40. Kf2 h4
41. Qxb7 g5 1/2-1/2

[Event "Wch Juvenil 2013 sub-18"]
[Site "Al-Ain UAE"]
[Date "2013.12.23"]
[Round "7.33"]
[White "Saraci, Nderim"]
[Black "Gstach, Jakob"]
[Result "1-0"]
[WhiteElo "2047"]
[BlackElo "2227"]
[PlyCount "49"]
[EventDate "2013.12.19"]
[EventType "swiss"]
[EventRounds "11"]
[EventCountry "UAE"]
[Source "lmi"]
[SourceDate "2013.12.19"]

1. e4 g6 2. d4 Bg7 3. Nf3 d6 4. Nc3 a6 5. Be3 Nd7 6. a4 b6 7. Bc4 e6 8. h4 h6
9. Qe2 Ne7 10. O-O-O c6 11. Bf4 b5 12. Bb3 Qc7 13. Qd2 Bb7 14. Kb1 Rc8 15. Rhe1
Nb6 16. Bg3 Rd8 17. Qe3 Ba8 18. d5 bxa4 19. Nxa4 Nxa4 20. dxe6 Nxb2 21. exf7+
Kf8 22. Nd4 Qa5 23. Ne6+ Kxf7 24. Qf4+ Nf5 25. Nxd8+ 1-0

[Event "Wch Juvenil 2013 sub-18"]
[Site "Al-Ain UAE"]
[Date "2013.12.23"]
[Round "7.34"]
[White "Meylan, Andre"]
[Black "Vanagas, Tadas"]
[Result "1/2-1/2"]
[WhiteElo "2193"]
[BlackElo "2116"]
[PlyCount "55"]
[EventDate "2013.12.19"]
[EventType "swiss"]
[EventRounds "11"]
[EventCountry "UAE"]
[Source "lmi"]
[SourceDate "2013.12.19"]

1. e4 c5 2. Nf3 d6 3. d4 cxd4 4. Nxd4 Nf6 5. Nc3 a6 6. a4 e6 7. Be2 Be7 8. O-O
O-O 9. Be3 Qc7 10. f4 Nc6 11. Bf3 Bd7 12. Nb3 b6 13. Kh1 Rfe8 14. Qd2 Bc8 15.
Qf2 Nd7 16. g4 Bf8 17. Bg2 g6 18. Qh4 Nb4 19. Rac1 Bb7 20. Rf3 Bg7 21. Rh3 Nf8
22. f5 Qe7 23. fxg6 hxg6 24. Qxe7 Rxe7 25. Bxb6 Ree8 26. Bd4 e5 27. Be3 Ne6 28.
Na5 1/2-1/2

[Event "Wch Juvenil 2013 sub-18"]
[Site "Al-Ain UAE"]
[Date "2013.12.23"]
[Round "7.35"]
[White "Tvarijonas, Tomas"]
[Black "Atanasov, Anatoli"]
[Result "1-0"]
[WhiteElo "2176"]
[BlackElo "2041"]
[PlyCount "59"]
[EventDate "2013.12.19"]
[EventType "swiss"]
[EventRounds "11"]
[EventCountry "UAE"]
[Source "lmi"]
[SourceDate "2013.12.19"]

1. e4 e5 2. Nf3 d5 3. exd5 e4 4. Qe2 Nf6 5. Nc3 Qe7 6. Nd4 a6 7. d3 exd3 8.
Qxe7+ Bxe7 9. Bxd3 Bb4 10. O-O O-O 11. Nde2 Nbd7 12. Bf4 Bd6 13. Bxd6 cxd6 14.
Ne4 Nxe4 15. Bxe4 Nf6 16. Bf3 b5 17. Nd4 Bb7 18. Nf5 Rfd8 19. a4 g6 20. Ne3 b4
21. a5 Rac8 22. Ra4 Rc5 23. Rd1 Re8 24. g3 Re5 25. Rxb4 Bxd5 26. Nxd5 Nxd5 27.
Bxd5 Rcxd5 28. Rxd5 Rxd5 29. Rb8+ Kg7 30. b4 1-0

[Event "Wch Juvenil 2013 sub-18"]
[Site "Al-Ain UAE"]
[Date "2013.12.23"]
[Round "7.36"]
[White "Dolnak, Michal"]
[Black "Doluweera, Dinul Thisura"]
[Result "1/2-1/2"]
[WhiteElo "2164"]
[BlackElo "1803"]
[PlyCount "76"]
[EventDate "2013.12.19"]
[EventType "swiss"]
[EventRounds "11"]
[EventCountry "UAE"]
[Source "lmi"]
[SourceDate "2013.12.19"]

1. d4 Nf6 2. c4 g6 3. Nc3 Bg7 4. e4 d6 5. Nf3 O-O 6. Be2 e5 7. O-O Nc6 8. d5
Ne7 9. b4 Nh5 10. Re1 f5 11. Ng5 Nf6 12. Bf3 h6 13. Ne6 Bxe6 14. dxe6 c6 15. b5
fxe4 16. Nxe4 Nxe4 17. Bxe4 d5 18. cxd5 cxd5 19. Ba3 dxe4 20. Qxd8 Rfxd8 21.
Bxe7 Re8 22. Bc5 Rxe6 23. Be3 a6 24. b6 Rc8 25. Rac1 Rxc1 26. Rxc1 Re7 27. Rc7
Kf7 28. Kf1 Bf8 29. Ke2 Ke8 30. Rc4 Kd7 31. Rxe4 Kd6 32. Rg4 Re6 33. Rc4 Re7
34. f3 h5 35. g4 Re6 36. h3 Bg7 37. h4 Bh8 38. Rc7 Re7 1/2-1/2

[Event "Wch Juvenil 2013 sub-18"]
[Site "Al-Ain UAE"]
[Date "2013.12.23"]
[Round "7.38"]
[White "Martinez Maya, Steven"]
[Black "Eltigani, Omar"]
[Result "1/2-1/2"]
[WhiteElo "2065"]
[BlackElo "2288"]
[PlyCount "134"]
[EventDate "2013.12.19"]
[EventType "swiss"]
[EventRounds "11"]
[EventCountry "UAE"]
[Source "lmi"]
[SourceDate "2013.12.19"]

1. e4 c5 2. Nf3 Nc6 3. d4 cxd4 4. Nxd4 e5 5. Nb5 d6 6. N1c3 Nf6 7. Bg5 a6 8.
Na3 b5 9. Nd5 Be7 10. Bxf6 Bxf6 11. c3 O-O 12. Nc2 Bg5 13. a4 bxa4 14. Rxa4 a5
15. Bc4 Rb8 16. b3 Kh8 17. Nce3 g6 18. g3 f5 19. h4 Bxe3 20. Nxe3 fxe4 21. Bd5
Ne7 22. Bxe4 Be6 23. Nd5 Nxd5 24. Bxd5 Qb6 25. O-O Bh3 26. Bg2 Bxg2 27. Kxg2
Rf6 28. Qd5 Qxb3 29. Qxa5 Rc8 30. Raa1 Qxc3 31. Qxc3 Rxc3 32. Rfb1 Rf7 33. Rb2
Rd3 34. Re2 Kg7 35. Ra6 h5 36. Rb6 Re7 37. Rb4 Rf7 38. Rb6 Kh6 39. Ra6 Rf5 40.
Rc2 g5 41. hxg5+ Kxg5 42. Ra4 d5 43. Ra6 Rdf3 44. Ra5 Rd3 45. Ra6 Rf6 46. Ra8
e4 47. Rg8+ Rg6 48. Rb8 h4 49. gxh4+ Kxh4+ 50. Kf1 Kg5 51. Ke1 Rf6 52. Rh8 Kf4
53. Rh4+ Ke5 54. Ra2 Rc3 55. Rd2 Rc5 56. Ke2 Rf5 57. Rh8 Ra5 58. Re8+ Kf4 59.
Rd8 Rc5 60. Rd7 Ke5 61. Re7+ Kf6 62. Re8 Kg7 63. Ra8 Kf7 64. Rb8 Ke7 65. Rh8
Rc3 66. Rh6 Rcf3 67. Ke1 e3 1/2-1/2

[Event "Wch Juvenil 2013 sub-18"]
[Site "Al-Ain UAE"]
[Date "2013.12.23"]
[Round "7.39"]
[White "Bargandzhiya, Zaza"]
[Black "Hasenohr, Benedict"]
[Result "1-0"]
[WhiteElo "2039"]
[BlackElo "2278"]
[PlyCount "61"]
[EventDate "2013.12.19"]
[EventType "swiss"]
[EventRounds "11"]
[EventCountry "UAE"]
[Source "lmi"]
[SourceDate "2013.12.19"]

1. d4 d5 2. c4 c6 3. Nf3 Nf6 4. Nc3 dxc4 5. a4 Bf5 6. e3 e6 7. Bxc4 Bb4 8. O-O
Nbd7 9. Qe2 O-O 10. e4 Bg6 11. Bd3 Bh5 12. e5 Nd5 13. Nxd5 cxd5 14. Bf4 Nb8 15.
Qe3 Be7 16. Ng5 h6 17. Nh3 g5 18. Bg3 Bg6 19. f4 Bxd3 20. Qxd3 Nc6 21. fxg5
Bxg5 22. Bf2 Kg7 23. Be3 f5 24. exf6+ Bxf6 25. Kh1 Rh8 26. Rf3 Bg5 27. Bxg5
hxg5 28. Nxg5 Nb4 29. Qe3 Nc2 30. Qe5+ Kg6 31. Raf1 1-0

[Event "Wch Juvenil 2013 sub-18"]
[Site "Al-Ain UAE"]
[Date "2013.12.23"]
[Round "7.40"]
[White "De Abreu, Roberto N"]
[Black "Teh, Eu Wen Aron"]
[Result "1/2-1/2"]
[WhiteElo "2013"]
[BlackElo "2272"]
[PlyCount "122"]
[EventDate "2013.12.19"]
[EventType "swiss"]
[EventRounds "11"]
[EventCountry "UAE"]
[Source "lmi"]
[SourceDate "2013.12.19"]

1. d4 Nf6 2. c4 e6 3. g3 Bb4+ 4. Bd2 Be7 5. Bg2 d5 6. Nf3 O-O 7. O-O c6 8. Qc2
b6 9. Rd1 Nbd7 10. Ne5 Nxe5 11. dxe5 Nd7 12. cxd5 cxd5 13. Bc3 Bb7 14. e4 dxe4
15. Qa4 Bd5 16. Nd2 Nc5 17. Qd4 f5 18. exf6 Bxf6 19. Qe3 Bxc3 20. bxc3 Qf6 21.
Rf1 Rac8 22. c4 Bb7 23. Nxe4 Nxe4 24. Bxe4 Ba6 25. Bd3 Bxc4 26. Bxc4 Rxc4 27.
Rac1 Rxc1 28. Rxc1 h6 29. a4 Qf5 30. Rc7 Rf7 31. Rc8+ Rf8 32. Rc7 Rf7 33. Rc8+
Kh7 34. Re8 Qd5 35. Rxe6 Qd1+ 36. Kg2 Qxa4 37. Qd3+ Kg8 38. Rd6 Qa2 39. Qd4 Qc2
40. Qe3 Qf5 41. Qd4 Qf3+ 42. Kg1 Kh7 43. Rd7 Rxd7 44. Qxd7 a5 45. Qb5 Qd1+ 46.
Kg2 Qd6 47. h4 Qg6 48. Kh3 Qe6+ 49. g4 Qe4 50. Kg3 a4 51. Qxb6 a3 52. Qa6 Qe5+
53. Kh3 Qc3+ 54. Kg2 Kg8 55. Qe6+ Kf8 56. g5 hxg5 57. hxg5 Qa5 58. g6 Qg5+ 59.
Kf1 Qc1+ 60. Kg2 Qg5+ 61. Kf1 Qb5+ 1/2-1/2

[Event "Wch Juvenil 2013 sub-18"]
[Site "Al-Ain UAE"]
[Date "2013.12.23"]
[Round "7.41"]
[White "Esenbek Uulu, Bakai"]
[Black "Iyti, Basher"]
[Result "0-1"]
[WhiteElo "2009"]
[BlackElo "2269"]
[PlyCount "53"]
[EventDate "2013.12.19"]
[EventType "swiss"]
[EventRounds "11"]
[EventCountry "UAE"]
[Source "lmi"]
[SourceDate "2013.12.19"]

1. e4 Nf6 2. e5 Nd5 3. c4 Nb6 4. d4 d6 5. f4 dxe5 6. fxe5 Nc6 7. Be3 Bf5 8. Nc3
e6 9. Nf3 Be7 10. Be2 O-O 11. O-O Bg6 12. a3 Bh5 13. h3 Bxf3 14. gxf3 Qd7 15.
f4 Bh4 16. Bd3 g6 17. Qg4 Bd8 18. f5 Nxe5 19. dxe5 Qxd3 20. Bc5 exf5 21. Qg2
Re8 22. Rad1 Qxc4 23. Bxb6 axb6 24. Rxf5 Qc5+ 25. Kh1 Qc6 26. Nd5 Ra5 27. b4
0-1

[Event "Wch Juvenil 2013 sub-18"]
[Site "Al-Ain UAE"]
[Date "2013.12.23"]
[Round "7.42"]
[White "Darling, Paul D"]
[Black "Patil, Pratik"]
[Result "1/2-1/2"]
[WhiteElo "1847"]
[BlackElo "2265"]
[PlyCount "48"]
[EventDate "2013.12.19"]
[EventType "swiss"]
[EventRounds "11"]
[EventCountry "UAE"]
[Source "lmi"]
[SourceDate "2013.12.19"]

1. e4 c5 2. Nf3 e6 3. d4 cxd4 4. Nxd4 a6 5. Nc3 b5 6. Be2 Bb7 7. Bf3 d6 8. O-O
Nd7 9. a4 bxa4 10. Rxa4 Ngf6 11. Rb4 Rb8 12. Rxb7 Rxb7 13. e5 dxe5 14. Bxb7
exd4 15. Qxd4 Bc5 16. Qc4 a5 17. Na4 Ba7 18. Bf4 e5 19. Bg3 O-O 20. Re1 Nb6 21.
Nxb6 Qxb6 22. Bf3 e4 23. Bxe4 Nxe4 24. Qxe4 Qxb2 1/2-1/2